[Event "Otranto op 1st"]
[Site "Otranto"]
[Date "2011.05.24"]
[Round "4"]
[White "Lanzani, Giuliano"]
[Black "Navarro Lopez Menchero, Daniel"]
[Result "0-1"]
[WhiteElo "1970"]
[BlackElo "2131"]
[PlyCount "48"]
[EventDate "2011.05.21"]
[EventType "swiss"]
[EventRounds "9"]
[EventCountry "ITA"]
[SourceTitle "CBM 142 Extra"]
[Source "ChessBase"]
[SourceDate "2011.06.27"]
[SourceVersion "1"]
[SourceVersionDate "2011.06.27"]
[SourceQuality "1"]

1. d4 d5 2. c4 dxc4 3. e4 Nc6 4. Be3 e5 5. d5 Nb8 6. Bxc4 a6 7. a4 Nf6 8. Nc3 Bb4 9. Qc2 Nbd7 10. Nf3 Qe7 11. 0-0 Nc5 12. Rac1 h6 13. Bxc5 Bxc5 14. Bd3 Bd6 15. Nd2 Nh5 16. Nc4 0-0 17. Nxd6 cxd6 18. Ne2 Qg5 19. Kh1 Nf6 20. Ng3 h5 21. Rg1 Bd7 22. Qb3 Ng4 23. Qc2 Rac8 24. f4 Rxc2 0-1

[Event "EU-ch 11th"]
[Site "Rijeka"]
[Date "2010.03.16"]
[Round "10"]
[White "Ofstad, Per"]
[Black "Lanzani, Giuliano"]
[Result "1/2-1/2"]
[WhiteElo "2197"]
[BlackElo "1992"]
[PlyCount "53"]
[EventDate "2010.03.06"]
[EventType "swiss"]
[EventRounds "11"]
[EventCountry "CRO"]
[SourceTitle "CBM 136"]
[Source "ChessBase"]
[SourceDate "2010.05.18"]
[SourceVersion "1"]
[SourceVersionDate "2010.05.18"]
[SourceQuality "1"]

1. e4 c5 2. Nc3 Nc6 3. Nge2 e6 4. d4 cxd4 5. Nxd4 a6 6. Nxc6 bxc6 7. Bd3 d5 8. exd5 cxd5 9. Qe2 Nf6 10. 0-0 Be7 11. Bf4 0-0 12. a3 Bb7 13. Rfd1 Nd7 14. Bg3 Bf6 15. Qd2 Ne5 16. Qe1 Nxd3 17. Rxd3 Qb6 18. Nd1 Rac8 19. c3 Bc6 20. Be5 Bxe5 21. Qxe5 Bb5 22. Rd2 f6 23. Qe3 Qxe3 24. Nxe3 Kf7 25. Re1 a5 26. f4 g6 27. g3 1/2-1/2

[Event "Bratto op 25th"]
[Site "Bratto"]
[Date "2005.08.23"]
[Round "4"]
[White "Lanzani, Giuliano"]
[Black "Virzi, Ettore"]
[Result "1/2-1/2"]
[WhiteElo "2074"]
[BlackElo "2023"]
[PlyCount "22"]
[EventDate "2005.08.20"]
[EventType "swiss"]
[EventRounds "9"]
[EventCountry "ITA"]
[SourceTitle "CBM 108 Extra"]
[Source "ChessBase"]
[SourceDate "2005.11.04"]
[SourceVersion "1"]
[SourceVersionDate "2005.11.04"]
[SourceQuality "1"]

1. e4 e5 2. Nf3 Nc6 3. Bb5 a6 4. Ba4 Nf6 5. 0-0 Be7 6. Re1 b5 7. Bb3 0-0 8. c3 d6 9. h3 Na5 10. Bc2 c5 11. a4 Qc7 1/2-1/2

[Event "Bratto op 24th"]
[Site "Bratto"]
[Date "2004.08.28"]
[Round "9"]
[White "Lanzani, Giuliano"]
[Black "Raselli, Claudio"]
[Result "1/2-1/2"]
[WhiteElo "2074"]
[BlackElo "2061"]
[PlyCount "118"]
[EventDate "2004.08.20"]
[EventType "swiss"]
[EventRounds "9"]
[EventCountry "ITA"]
[SourceTitle "CBM 101 Extra"]
[Source "ChessBase"]
[SourceDate "2004.09.01"]
[SourceVersion "2"]
[SourceVersionDate "2004.09.01"]
[SourceQuality "1"]

1. e4 d5 2. exd5 Qxd5 3. Nf3 Nf6 4. c4 Qd8 5. d4 Bg4 6. Be2 e6 7. Qb3 Qc8 8. h3 Bxf3 9. Bxf3 c6 10. Bf4 Be7 11. 0-0 0-0 12. Nc3 Nbd7 13. Rac1 Rd8 14. Rfe1 Bf8 15. Na4 Nb6 16. Nxb6 axb6 17. Qxb6 Ra6 18. Qb3 Rxd4 19. Be5 Rd7 20. Bxf6 gxf6 21. Re4 f5 22. Rh4 Qd8 23. Rh5 Rd3 24. Rd1 Rxd1+ 25. Bxd1 Bg7 26. Bc2 Qe7 27. g4 c5 28. gxf5 exf5 29. Bxf5 Rh6 30. Rxh6 Bxh6 31. Qg3+ Qg5 32. Kg2 Qxg3+ 33. fxg3 Bc1 34. b3 h6 35. Kf3 Bg5 36. Ke4 Kf8 37. Kd5 b6 38. Kc6 Bd8 39. a4 Ke7 40. a5 bxa5 41. Kxc5 Bc7 42. g4 Kd8 43. h4 Bg3 44. Kb5 Be1 45. c5 Kc7 46. h5 Bd2 47. Kc4 Kc6 48. Be4+ Kc7 49. Kb5 f6 50. Kc4 Bf4 51. Kd5 Be3 52. Bf5 Bf4 53. c6 Bd2 54. Bd7 Bf4 55. Ke6 Bg5 56. Kf7 Kd6 57. Ke8 Kc7 58. Kf8 Kd6 59. Kf7 Bh4 1/2-1/2

[Event "Bratto op 24th"]
[Site "Bratto"]
[Date "2004.08.26"]
[Round "7"]
[White "Lanzani, Giuliano"]
[Black "Orsi, Massimiliano"]
[Result "1/2-1/2"]
[WhiteElo "2074"]
[BlackElo "2046"]
[PlyCount "61"]
[EventDate "2004.08.20"]
[EventType "swiss"]
[EventRounds "9"]
[EventCountry "ITA"]
[SourceTitle "CBM 101 Extra"]
[Source "ChessBase"]
[SourceDate "2004.09.01"]
[SourceVersion "2"]
[SourceVersionDate "2004.09.01"]
[SourceQuality "1"]

1. e4 e5 2. Nf3 Nc6 3. Bb5 a6 4. Ba4 Nf6 5. 0-0 Nxe4 6. d4 b5 7. Bb3 d5 8. dxe5 Be6 9. Nbd2 Nc5 10. c3 Be7 11. Re1 0-0 12. Nf1 Qd7 13. Bc2 Rad8 14. Bg5 f6 15. exf6 Bxf6 16. Bxf6 Rxf6 17. b4 Ne4 18. Bxe4 dxe4 19. Qxd7 Rxd7 20. Rxe4 Rd3 21. Re3 Bc4 22. Rxd3 Bxd3 23. Rd1 Be2 24. Rd7 Bxf3 25. gxf3 Rf7 26. Rxf7 Kxf7 27. f4 Ke6 28. Ne3 Ne7 29. Kg2 Nd5 30. Nd1 Kf5 31. Kf3 1/2-1/2

[Event "Melegnano op 3rd"]
[Site "Melegnano"]
[Date "2004.02.15"]
[Round "4"]
[White "Nieus, Thierry"]
[Black "Lanzani, Giuliano"]
[Result "1/2-1/2"]
[WhiteElo "2252"]
[BlackElo "2067"]
[PlyCount "79"]
[EventDate "2004.02.13"]
[EventType "swiss"]
[EventRounds "5"]
[EventCountry "ITA"]
[SourceTitle "EXT 2008"]
[Source "ChessBase"]
[SourceDate "2007.11.25"]
[SourceVersion "1"]
[SourceVersionDate "2007.11.25"]
[SourceQuality "1"]

1. e4 e5 2. f4 exf4 3. Nf3 d6 4. d4 g5 5. h4 g4 6. Ng1 f3 7. gxf3 Be7 8. Be3 Bxh4+ 9. Kd2 Bg5 10. Qe1 Qf6 11. e5 dxe5 12. dxe5 Bxe3+ 13. Qxe3 Qb6 14. Qxb6 axb6 15. Nc3 Be6 16. fxg4 Nc6 17. Re1 Bxg4 18. Nh3 0-0-0+ 19. Kc1 f6 20. Rg1 h5 21. e6 Ne5 22. Re3 Bxe6 23. Nf4 Bg4 24. Be2 Ne7 25. Bxg4+ hxg4 26. Ne4 Nf5 27. Re2 Nf3 28. Rf1 N5d4 29. Rg2 f5 30. Ng3 Rhe8 31. c3 Ne6 32. Nxe6 Rxe6 33. Nxf5 Rf8 34. Nd4 Re4 35. Rgf2 c5 36. Nxf3 Ref4 37. Kd2 g3 38. Rg2 Rxf3 39. Rxf3 Rxf3 40. Ke2 1/2-1/2

[Event "Melegnano op 3rd"]
[Site "Melegnano"]
[Date "2004.02.14"]
[Round "2"]
[White "Scuderi, David"]
[Black "Lanzani, Giuliano"]
[Result "0-1"]
[WhiteElo "1831"]
[BlackElo "2067"]
[PlyCount "46"]
[EventDate "2004.02.13"]
[EventType "swiss"]
[EventRounds "5"]
[EventCountry "ITA"]
[SourceTitle "EXT 2008"]
[Source "ChessBase"]
[SourceDate "2007.11.25"]
[SourceVersion "1"]
[SourceVersionDate "2007.11.25"]
[SourceQuality "1"]

1. e4 e5 2. Nf3 Nc6 3. Bb5 Qf6 4. 0-0 Bc5 5. Nc3 Nge7 6. d3 h6 7. a3 d6 8. Nd5 Nxd5 9. exd5 a6 10. Bxc6+ bxc6 11. dxc6 Be6 12. b4 e4 13. dxe4 Bxf2+ 14. Kxf2 Qxa1 15. Qd3 0-0 16. Bxh6 Qa2 17. Qd2 gxh6 18. Qxh6 Qxc2+ 19. Ke3 Qc3+ 20. Kf4 Qg7 21. Qh4 f5 22. Ng5 fxe4+ 23. Kxe4 Rxf1 0-1

[Event "Bratto op 23rd"]
[Site "Bratto"]
[Date "2003.08.27"]
[Round "7"]
[White "Lanzani, Giuliano"]
[Black "Castelfranchi, Carlo"]
[Result "0-1"]
[WhiteElo "2092"]
[BlackElo "2165"]
[PlyCount "106"]
[EventDate "2003.08.21"]
[EventType "swiss"]
[EventRounds "9"]
[EventCountry "ITA"]
[SourceTitle "EXT 2004"]
[Source "ChessBase"]
[SourceDate "2003.11.25"]
[SourceVersion "1"]
[SourceVersionDate "2003.11.25"]
[SourceQuality "1"]

1. e4 Nf6 2. e5 Nd5 3. g3 d6 4. exd6 exd6 5. Bg2 Nf6 6. d4 Be7 7. d5 0-0 8. Ne2 c5 9. a4 Re8 10. 0-0 Na6 11. Na3 Bf5 12. c3 Be4 13. Nf4 Qd7 14. Nh5 Bxg2 15. Nxf6+ Bxf6 16. Kxg2 Nc7 17. Nc4 Be5 18. f4 Bf6 19. Ne3 Re4 20. a5 Rae8 21. Qd3 c4 22. Nxc4 Qb5 23. b3 Nxd5 24. Ne5 Qxd3 25. Nxd3 Bxc3 26. Ra2 Ne3+ 27. Bxe3 Rxe3 28. Rf3 Re2+ 29. Rf2 Rxf2+ 30. Nxf2 f5 31. a6 Rb8 32. Nd1 Bd4 33. Ra5 g6 34. Rd5 Bc5 35. axb7 Rxb7 36. Rd3 Rb4 37. Nb2 Rd4 38. Rxd4 Bxd4 39. Nc4 Bc5 40. Kf3 Kf7 41. h3 Ke6 42. Ke2 Kd5 43. Kd3 h5 44. Nd2 Bf2 45. Nf1 a5 46. Ke2 Bg1 47. Kd3 Kc5 48. h4 Kb4 49. Kc2 d5 50. Kb2 d4 51. Kc2 Bf2 52. Kb2 d3 53. Ka2 Bxg3 0-1

[Event "SEMI A045 email"]
[Site "SEMI email"]
[Date "2003.08.25"]
[Round "?"]
[White "Bascetta, Biagio J"]
[Black "Lanzani, Giuliano"]
[Result "1-0"]
[WhiteElo "2229"]
[BlackElo "2092"]
[PlyCount "63"]
[EventDate "2003.08.25"]
[EventType "tourn (corr)"]
[EventRounds "6"]
[EventCountry "ITA"]
[SourceTitle "Corr 2008"]
[Source "ChessBase"]
[SourceDate "2008.06.24"]
[SourceVersion "1"]
[SourceVersionDate "2008.06.24"]
[SourceQuality "1"]

1. e4 e5 2. Nf3 d6 3. d4 Nf6 4. Nc3 Nbd7 5. Bc4 Be7 6. 0-0 0-0 7. Re1 c6 8. a4 Qc7 9. h3 h6 10. a5 Re8 11. b3 Nf8 12. Bb2 Ng6 13. Bf1 Bf8 14. Qd2 exd4 15. Nxd4 a6 16. Bd3 Ne5 17. Na4 Nxd3 18. cxd3 Be6 19. Nb6 Rad8 20. f4 Bc8 21. Nxc8 Qxc8 22. Rac1 d5 23. e5 Nh7 24. f5 Qc7 25. e6 Nf6 26. exf7+ Qxf7 27. Ne6 Rd7 28. Rf1 Bd6 29. Rce1 Rde7 30. g4 Rc8 31. g5 hxg5 32. Qxg5 1-0

[Event "Bratto op 23rd"]
[Site "Bratto"]
[Date "2003.08.23"]
[Round "3"]
[White "Vancini, Edoardo"]
[Black "Lanzani, Giuliano"]
[Result "1-0"]
[WhiteElo "2284"]
[BlackElo "2092"]
[PlyCount "61"]
[EventDate "2003.08.21"]
[EventType "swiss"]
[EventRounds "9"]
[EventCountry "ITA"]
[SourceTitle "EXT 2004"]
[Source "ChessBase"]
[SourceDate "2003.11.25"]
[SourceVersion "1"]
[SourceVersionDate "2003.11.25"]
[SourceQuality "1"]

1. d4 Nf6 2. Nf3 d6 3. Nc3 Nbd7 4. g3 e5 5. Bg2 Be7 6. 0-0 0-0 7. b3 c6 8. dxe5 Nxe5 9. Bb2 Nxf3+ 10. Bxf3 d5 11. Qd3 Bh3 12. Rfe1 Qd7 13. Rad1 Rfe8 14. e4 dxe4 15. Qe3 Qf5 16. Nxe4 Nd5 17. Qd4 Bf6 18. Nxf6+ Nxf6 19. Qc3 Bg4 20. Bxg4 Qxg4 21. Rd4 Rxe1+ 22. Qxe1 Qg6 23. Qe7 h6 24. Qxb7 Re8 25. Qxc6 Re1+ 26. Kg2 Re2 27. Rc4 Ne4 28. Qxg6 Rxf2+ 29. Kg1 fxg6 30. Rxe4 Rxc2 31. Bd4 1-0

[Event "Corsico op 26th"]
[Site "Corsico"]
[Date "2003.04.30"]
[Round "1"]
[White "Cazzaniga, Walter"]
[Black "Lanzani, Giuliano"]
[Result "1/2-1/2"]
[WhiteElo "2094"]
[BlackElo "1833"]
[PlyCount "83"]
[EventDate "2003.04.30"]
[EventType "swiss"]
[EventRounds "7"]
[EventCountry "ITA"]
[SourceTitle "EXT 2007"]
[Source "ChessBase"]
[SourceDate "2006.11.23"]
[SourceVersion "1"]
[SourceVersionDate "2006.11.23"]
[SourceQuality "1"]

1. d4 Nf6 2. c4 d6 3. Nc3 Nbd7 4. Nf3 e5 5. g3 Be7 6. Bg2 0-0 7. 0-0 c6 8. Qc2 a6 9. h3 Re8 10. e4 Qc7 11. Be3 Rb8 12. b3 b5 13. cxb5 cxb5 14. Qd3 b4 15. Nd5 Nxd5 16. exd5 Bf6 17. Rac1 Qa5 18. Nd2 exd4 19. Bxd4 Qb5 20. Nc4 Ne5 21. Bxe5 Bxe5 22. Rfe1 g6 23. Nxe5 dxe5 24. Qxb5 Rxb5 25. Rc7 Rb7 26. Rec1 Rxc7 27. Rxc7 Kf8 28. Bf1 Rd8 29. g4 h5 30. f3 hxg4 31. hxg4 f5 32. g5 f4 33. Bc4 Bf5 34. Rc6 Ke7 35. Rxa6 Rd6 36. Ra7+ Rd7 37. Ra4 Rb7 38. Ra6 Rb8 39. Kf2 Rh8 40. d6+ Kd7 41. Bb5+ Ke6 42. Bc4+ 1/2-1/2